| 000 | 03570 a2200241 4500 | ||
|---|---|---|---|
| 001 | 29010 | ||
| 005 | 20260407155559.0 | ||
| 008 | 260407a1964 arg spa d | ||
| 003 | AR-UNSa-BCEJYS | ||
| 040 |
_aAR-UNSa-BCEJYS _bspa _cAR-UNSa-BCEJYS |
||
| 080 |
_a657 _xContabilidad |
||
| 245 | 1 | 0 | _aTratado de contabilidad media y superior |
| 250 | _a2a. ed | ||
| 264 | 1 |
_aBuenos Aires : _bPartenón _c1964 |
|
| 300 |
_a4 v. _c24 cm. |
||
| 505 | _aTomo I: Contabilidad media: 1. Introducción - 2. Valores del activo y pasivo - 3. Cuentas de activo y de pasivo - 4. Análisis y registración de operaciones - 5. Cuentas del estado de ingresos - 6. Cuentas del estado de ingresos (continuación) - 7. Libros y procedimientos fundamentales - 8. Ejercicio - 9. Cuentas de control y mayores auxiliares - 10. Otros detalles de la técnica del mayor - 11. Otros tipos de diario - 12. Diarios especializados - 13. Cobros y pagos - 14. Costos corrientes y cuentas por pagar - 15. Costos corrientes a pagar (continuación) - 16. Ingresos y cuentas a cobrar - 17. Descuentos y ajustes de ventas - 18. Procedimientos y análisis para el cierre del ejercicio - 19. Ejemplo sobre las tareas de fin de ejercicio - 20. Hoja de trabajo y estados - 21. Verificación y ajuste de caja -- Tomo II: Contabilidda media: 22.Valuación y verificación de las cuentas a cobrar - 23. Documentos a cobrar y a pagar - 24. Pagarés y letras descontados - 25. Mercaderías - 26. Fabricación - 27. Cuentas de la planta - 28. Normas y procedimientos sobre depreciación - 29. Otros rubros del activo fijo - 30. Hoja de trabajo y estados de manufactura - 31. Consignaciones y cuentas de sucursales - 32. Ventas en cuotas - 33. Cuentas de las sociedades - 34. Cuentas de las sociedades (continuación) - 35. Cuentas del capital de las sociedades anónimas - 36. Cuentas del capital de las sociedades anónimas (continuación) - 37. Dividendos y ganacias retenidas - 38. Debentures - 39. Estados financieros - 40. Interpretación de estados - 41. Interpretación de estados (continuación) -- Tomo III: Contabilidad Superior: 1. Estados financieros - 2. Ejemplos de estados publicados - 3. Estados obligatorios y recomendados - 4. Tipos especiales de estados - 5. Inventario - 6. Valuación del inventario - 7. Inversiones - 8. Inversiones (continuación) - 9. Cuentas de la planta - 10. Cuentas de planta (continuación) - 11. Contabilidad de la depreciación - 12. Distribución periódica de la depreciación - 13. La depreciación de los servicios públicos - 14. Valuación de la planta - 15. Registro de los efectos de las valuaciones - 16. Tierra - 17. Activo agotable -- Tomo IV: Contabilidad Superior: 18. Activo intangible - 19. Valuación de los intangibles - 20. Determinación de la renta -ingresos - 21. Determinación de la renta -cargas - 22. Capital en acciones - 23. Descuento sobre acciones y superávit de capital - 24. Ajustes de la estructura del capital - 25. Dividendos - 26. Superávit y reservas - 27. Pasivo fijo - 28. Pasivo fijo (continuación) - 29. Análisis mediante coeficientes - 30. Estado de fondos - 31. Estados descriptivos - 32. Ejemplo sobre análisis completo - 33. Ajustes conforme a las variaciones del valor de la unidad monetaria - 34. Estados consolidados - 35. Estados consolidados (continuación) - 36. Ejemplo sobre la preparación de estados consolidados | ||
| 942 | _cBK | ||
| 590 | _aniveau_biblio:m niveau_hierar:0 | ||
| 100 | 1 | _aPaton, William A. | |
| 700 | 1 | _aGay, Edwin Francis | |
| 700 | 1 | _aBarberá, Manuel | |
| 700 | 1 | _aCholvis, Francisco | |
| 999 |
_c1786 _d1786 |
||